| 000 | 01189nam a22002297a 4500 | ||
|---|---|---|---|
| 005 | 20210325185749.0 | ||
| 008 | s2524 th tha d | ||
| 041 | _atha | ||
| 090 | _aอศ ด728อ 2524 | ||
| 245 | 1 | 0 | _aอนุสรณ์เนื่องในงานพระราชทานเพลิงศพ พระดุลยธรรมาภิรมย์ และนางดุลยธรรมาภิรมย์ |
| 260 | 3 |
_aกรุงเทพฯ : _bการพิมพ์พระนคร, _c2524 |
|
| 300 |
_a244 หน้า : _b ภาพประกอบ ; _c 26 ซม. |
||
| 650 | 0 | 4 | _aการสวดมนตร์ |
| 650 | 0 | 4 | _aดุลยธรรมาภิรมย์, พระ, 2437--2519 |
| 650 | 0 | 4 | _aดุลยธรรมาภิรมย์ (แฉล้อม สำราญอัมรินทร์), 2442 -- 2517 |
| 650 | 0 | 4 | _aพระสมเด็จนางพญา -- ประวัติ |
| 650 | 0 | 4 | _aไทย -- ความสัมพันธ์กับต่างประเทศ |
| 850 | _aNALT | ||
| 942 | _cCRE | ||
| 997 | _c000000000023799 | ||
| 998 | _aSAIPHON DEENGAM | ||
| 999 |
_c23799 _d23799 |
||